Statystyki dla Kamienie na szaniec- test

Kliknij tutaj aby rozwiązać quiz!

Ogólne statystyki

  • Ten quiz został rozwiązany 242 razy
  • Średni wynik to 9 z 10

Statystyki odpowiedzi

ZagadnienieOdpowiedź% Poprawnych
Jak nazywa się "Rudy"?Jan Bytnar
96%
Jak nazywa się "Zośka"?Tadeusz Zawadzki
96%
Akcja, w której w planie było odbicie Rudego to:Akcja pod Arsenałem
92%
Jak nazywa się "Alek'Aleksy Dawidowski
92%
Jakie hasło zostało powieszone koło kina podczas Małego Sabotażu?''Tylko świnie siedzą w kinie"
90%
Co to "Mały Sabotaż"?Akcje konspiracyjne podczas II wojny światowej
86%
Kiedy zginęli Alek i Rudy?30 marzec 1943 rok
85%
Kto to "Zeus"Harcmistrz i nauczyciel geografii
82%
Kiedy rozpoczyna się akcja utworu?czerwiec 1939 rok
81%
Gdzie wyjechali Zośka, Rudy i Alek po maturze?Beskidy Śląskie
62%

Rozkład punktacji

Percentyl według liczby udzielonych odpowiedzi

Procent ludzi z każdym wynikiem

Twoja historia wyników

Nie rozwiązałeś tego quizu